000 00662nam a22002297a 4500
003 UA-OsUOA
001 116300
007 ta
008 20160225b un ||||| |||| 00| 0 ukr d
100 _aМатузка Я.В.
700 _aГорбатюк В.І.
090 _a330(477)
_bМ34
942 _cSA
040 _aUA-OsUOA
_bukr
_cUA-OsUOA
_dUA-OsUOA
245 _aІнституціональні аспекти трансакційних витрат
300 _aС.109-123
955 _a0
041 _aukr
080 _a330(477)
773 0 _w116292
_tФінанси України
_dК.
_d2015
_g12
650 7 _a330 Економіка взагалі
_2UDC
999 _c402164
_d402164